Alfonso El Sabio y La General Estoria: tres lecciones

Guardat en:
Dades bibliogràfiques
Autor principal: Rico, Francisco (Autor)
Format: Llibre
Idioma:espanyol
Publicat: Barcelona Ariel 1972
Edició:1a. ed
Col·lecció:Letras e Ideas, 3
Matèries:
Etiquetes: Afegir etiqueta
Sense etiquetes, Sigues el primer a etiquetar aquest registre!

MARC

LEADER 00000cam a2200000 a 4500
001 UCD2995
003 CL-VaPUC
008 160520e19720000sp |||||||||||||||||spa|d
082 0 4 |a 860.9  |b RIC  |2 21 
100 |a Rico, Francisco  |e author  |9 392 
245 1 0 |a Alfonso El Sabio y La General Estoria: tres lecciones 
250 |a 1a. ed 
300 |a 188 p 
942 |c BK 
945 |d 20160520 11:34:00  |a dcastane 
260 |a Barcelona  |b Ariel  |c 1972 
650 0 |a Literatura española  |9 306261 
650 0 |a Historia y crítica   |9 257407 
583 |a last modification  |c 20160520 11:34:00  |k Rodrigo Vera 
490 0 |a Letras e Ideas, 3 
999 |c 364104  |d 364102 
952 |0 0  |1 0  |3 erb  |4 0  |6 860_900000000000000_RIC_1972  |7 0  |8 A  |9 477025  |a FDOHBE  |b FDOHBE  |e Huesbe Llanos, Marco Antonio, 1934-  |i 5305462  |o 860.9 RIC 1972  |p 5305462  |r 2024-01-30  |w 2019-11-24  |y BK  |z Catalogado en:20160520  |k HBE